Un cazador cazado / (Registro nro. 10171)

Detalles MARC
000 -LIDER
fixed length control field 00822nam a22003137i 4500
001 - NÚMERO DE CONTROL
Identificador de número de control 027995
003 - IDENTIFICACDOR DE NÚMERO DE CONTROL
control field DO-SdBNP
005 - DATE AND TIME OF LATEST TRANSACTION
control field 20180207102021.0
007 - CAMPOS FIJOS DE DESCRIPCIÓN FÍSICA
fixed length control field 027995
008 - ELEMENTOS DE LONGITUD FIJA
fixed length control field 881024s1987 sp spa
015 ## - NÚMERO DENTRO DE LA BIBLIOGRAFÍA NACIONAL
National bibliography number
016 7# - NO. DE CONTROL DE LA AGENCIA BIB. NACIONAL
Record control number
Canceled/invalid record control number
Source BPMSU
017 ## - NÚMERO DE REGISTRO DE DERECHOS DE AUTOR
Copyright or legal deposit number
Assigning agency
020 ## - ISBN
International Standard Book Number 8430515275
035 ## - NÚMERO LOCAL
System control number
040 ## - FUENTE DE CATALOGACIÓN
Agencia que crea de manera original el registro BPMSU
Idioma de catalogación spa
Agencia que realiza la transcripción BPMSU
Convenciones de la despripción
080 #0 - NÚMERO DE CLASIFICACIÓN DECIMAL UNIVERSAL
Universal Decimal Classification number
100 1# - ASIENTO PRINCIPAL -- NOMBRE PERSONAL
Nombre personal Wolf, Stefan
245 13 - MENCIÓN DE TITULO
Título Un cazador cazado /
Mención de responsabilidad Stefan Wolf ; ilustraciones interiores, Rainer Stolte.
Medio (Designación general de material)
260 1# - PUBLICACIÓN, DISTRIBUCIÓN, ETC. (PIE DE IMPRENTA)
Lugar de publicación, distribución, etc Madrid :
Nombre del editor, distribuidor, etc. Susaeta,
Fecha de publicación, distribución, etc 1987.
300 ## - DESCRIPCIÓN FÍSICA
Extensión 184 p. :
Otros detalles físicos il. ;
Dimensiones 22 cm
490 1# - MENCIÓN DE SERIES
Mención de serie Pakto secreto
Volume/sequential designation 8
500 ## - NOTA GENERAL
Nota general Traducido del alemán
700 1# - ASIENTO SECUNDARIO -- NOMBRE PERSONAL
Nombre personal Stolte, Rainer
830 #0 - ASIENTO SECUNDARIO DE SERIE--TÍTULO UNIFORME
Título uniforme Pakto secreto
Volume number/sequential designation 8
942 ## - ADDED ENTRY ELEMENTS (KOHA)
Source of classification or shelving scheme Dewey Decimal Classification
Koha item type Libros
945 ## - INFORMACIÓN DE PROCESAMIENTO LOCAL
Información de procesamiento local Inventariado, 2018 /LP
956 ## - LOCAL ELECTRONIC LOCATION AND ACCESS (OCLC)
Nombre de host VMATEO
Número de acceso 10
Información de compresión 20160518
Trayectoria BPMSU
Nombre Electrónico 0069
Existencias
Withdrawn status Lost status Source of classification or shelving scheme Damaged status Not for loan Collection code Home library Current library Date acquired Source of acquisition Total Checkouts Barcode Date last seen Price effective from Koha item type
    Dewey Decimal Classification     Colección General Biblioteca Pública Metropolitana Salomé Ureña Biblioteca Pública Metropolitana Salomé Ureña 05/18/2016 FUNDI   BPMSU16050390 05/18/2016 05/18/2016 Libros